In-service EFL teacher training programmes and changes in teachers' awareness and practice-a study (Record no. 1396844)

MARC details
000 -LEADER
fixed length control field 00632nam a2200193Ia 4500
005 - DATE AND TIME OF LATEST TRANSACTION
control field 20250508165711.0
008 - FIXED-LENGTH DATA ELEMENTS--GENERAL INFORMATION
fixed length control field 008 250505s9999 xx 000 0 eng d
037 ## - SOURCE OF ACQUISITION
Stock number Theses
040 ## - CATALOGING SOURCE
Original cataloging agency FEDL
Language of cataloging eng
Transcribing agency FEDL
041 ## - LANGUAGE CODE
Language code of text/sound track or separate title eng
Source of code eng
084 ## - COLON CLASSIFICATION NUMBER
Classification number 420.7, MIR/TH
Assigning agency FEDL
100 ## - MAIN ENTRY--PERSONAL NAME
Personal name Mirbekovna Musaeva Cholpon
9 (RLIN) 781662
245 #0 - TITLE STATEMENT
Title In-service EFL teacher training programmes and changes in teachers' awareness and practice-a study
260 ## - PUBLICATION, DISTRIBUTION, ETC.
Date of publication, distribution, etc. 2014
490 ## - SERIES STATEMENT
Volume/sequential designation Vol. 1
546 ## - LANGUAGE NOTE
Language note Ph.D Thesis (EFL University Hyderabad); Gifted by Prof. Rama Mathew
942 ## - ADDED ENTRY ELEMENTS (KOHA)
Koha item type Thesis
Classification part 420.7, MIR/TH
Holdings
Withdrawn status Lost status Damaged status Not for loan Home library Current library Date acquired Total Checkouts Full call number Barcode Date last seen Price effective from Koha item type
        Department of Education Library Department of Education Library 2025-05-08   420.7, MIR/TH EL0090499 2025-05-08 2025-05-08 Thesis
Copyright @ Delhi University Library System